000 00230nam a2200097Ia 4500
005 20251222114343.0
008 251222s1900||||xx |||||||||||||| ||spa||
082 _aDVD0070/M38C/1996
245 0 _aCity of God:Ciudad de Dios
942 _cDVD
999 _c944
_d944